00341nam a2200133Ia 4500008004100000020000900041040001500050041001200065082001800077100002200095245004000117260003900157300001100196230917s9999||||xx |||||||||||||| ||und|| cRS10 e5631aMAIN aEnglish a615.532 K416L aKent, James Tyler 0aLectures on homoeopathic philosophy aNew DelhibB Jain Publishersc1979 a276 p.